[Event "Veneto-ch qf 62nd"]
[Site "Arqua Petrarca"]
[Date "2002.05.12"]
[Round "6.14"]
[White "Zotti, Enrico"]
[Black "Ceccherini, Paolo"]
[Result "1-0"]
[WhiteElo "1749"]
[BlackElo "1516"]
[PlyCount "51"]
[EventDate "2002.05.04"]
[EventType "swiss"]
[EventRounds "6"]
[EventCountry "ITA"]
[SourceTitle "EXT 2024"]
[Source "ChessBase"]
[SourceDate "2023.10.10"]
[SourceVersion "1"]
[SourceVersionDate "2023.10.10"]
[SourceQuality "1"]

1. Nf3 Nf6 2. b3 g6 3. Bb2 Bg7 4. e4 d6 5. Be2 0-0 6. d3 c5 7. Nbd2 Nc6 8. 0-0 Qc7 9. c4 b6 10. d4 cxd4 11. Nxd4 Nd7 12. Nb5 Qd8 13. Bxg7 Kxg7 14. f4 a6 15. Nc3 Nd4 16. Nf3 Nxe2+ 17. Qxe2 b5 18. cxb5 axb5 19. Rfc1 Ba6 20. Nd5 Ra7 21. Qb2+ f6 22. Nd4 Nc5 23. Rxc5 dxc5 24. Ne6+ Kg8 25. Nxd8 Rxd8 26. Nxe7+ 1-0

[Event "Padova op-B 3rd"]
[Site "Padova"]
[Date "2000.12.10"]
[Round "6.32"]
[White "Crestani, Federico"]
[Black "Ceccherini, Paolo"]
[Result "1-0"]
[WhiteElo "1480"]
[BlackElo "1507"]
[PlyCount "93"]
[EventDate "2000.12.02"]
[EventType "swiss"]
[EventRounds "6"]
[EventCountry "ITA"]
[SourceTitle "EXT 2024"]
[Source "ChessBase"]
[SourceDate "2023.10.10"]
[SourceVersion "1"]
[SourceVersionDate "2023.10.10"]
[SourceQuality "1"]

1. d4 d5 2. c4 Nc6 3. Nf3 Bg4 4. e3 e6 5. Be2 dxc4 6. Bxc4 Nf6 7. h3 Bh5 8. Nc3 Bb4 9. Bd2 0-0 10. g4 Bg6 11. Nh4 Bxc3 12. Bxc3 Be4 13. f3 Bd5 14. Bd3 e5 15. Nf5 exd4 16. Nxd4 Re8 17. Kf2 Nxd4 18. Bxd4 Nd7 19. h4 c5 20. Bc3 Bc6 21. Qc2 h6 22. g5 h5 23. Bc4 Ne5 24. Bxe5 Rxe5 25. g6 Qf6 26. gxf7+ Kh8 27. Qe2 b5 28. Bb3 c4 29. Bc2 Qxf7 30. Rag1 Rae8 31. Bg6 Rxe3 32. Qxe3 Rxe3 33. Bxf7 Rxf3+ 34. Ke2 Rxf7 35. Rh3 Kh7 36. Rf1 Re7+ 37. Re3 Rd7 38. Rf5 g6 39. Rfe5 a5 40. Re7+ Rxe7 41. Rxe7+ Kh6 42. Ke3 b4 43. Kd4 b3 44. a3 Bb5 45. a4 Bxa4 46. Kxc4 Bc6 47. Kxb3 1-0

[Event "Padova op-B 3rd"]
[Site "Padova"]
[Date "2000.12.03"]
[Round "3.17"]
[White "Negro, Raffaele"]
[Black "Ceccherini, Paolo"]
[Result "1-0"]
[WhiteElo "1651"]
[BlackElo "1507"]
[PlyCount "61"]
[EventDate "2000.12.02"]
[EventType "swiss"]
[EventRounds "6"]
[EventCountry "ITA"]
[SourceTitle "EXT 2024"]
[Source "ChessBase"]
[SourceDate "2023.10.10"]
[SourceVersion "1"]
[SourceVersionDate "2023.10.10"]
[SourceQuality "1"]

1. Nf3 d5 2. g3 Nf6 3. Bg2 Nc6 4. 0-0 e5 5. d3 Be7 6. Nbd2 0-0 7. e4 d4 8. Nc4 Nd7 9. a4 f6 10. Nh4 Nb6 11. Nxb6 axb6 12. Nf5 Rf7 13. Qg4 Kh8 14. Qe2 Bf8 15. h4 b5 16. b3 b4 17. Bd2 Bc5 18. h5 Ne7 19. Nh4 Be6 20. f4 c6 21. f5 Bd7 22. Ng6+ Kg8 23. Kf2 Nxf5 24. exf5 Bxf5 25. Be4 Bxe4 26. Qxe4 hxg6 27. hxg6 f5 28. gxf7+ Kxf7 29. Qxf5+ Qf6 30. Ke2 Rh8 31. Qd7+ 1-0

[Event "Padova op-B 3rd"]
[Site "Padova"]
[Date "2000.12.02"]
[Round "1.12"]
[White "Roberti, Ignazio"]
[Black "Ceccherini, Paolo"]
[Result "1-0"]
[WhiteElo "1760"]
[BlackElo "1507"]
[PlyCount "45"]
[EventDate "2000.12.02"]
[EventType "swiss"]
[EventRounds "6"]
[EventCountry "ITA"]
[SourceTitle "EXT 2024"]
[Source "ChessBase"]
[SourceDate "2023.10.10"]
[SourceVersion "1"]
[SourceVersionDate "2023.10.10"]
[SourceQuality "1"]

1. e4 e5 2. f4 exf4 3. Nf3 g5 4. Bc4 g4 5. 0-0 gxf3 6. Qxf3 Qf6 7. d3 Bc5+ 8. Kh1 d6 9. Bxf4 Be6 10. e5 dxe5 11. Qxb7 Ne7 12. Qxa8 0-0 13. Qe4 Bxc4 14. Qxc4 exf4 15. Qxc5 f3 16. g3 Re8 17. Nd2 Nd7 18. Qxc7 Ne5 19. Rae1 Nf5 20. Nxf3 Nxg3+ 21. hxg3 Nxf3 22. Rxe8+ Kg7 23. Qc3 1-0

[Event "Padova op-B 3rd"]
[Site "Padova"]
[Date "2000.02.03"]
[Round "2.35"]
[White "Ceccherini, Paolo"]
[Black "Spinoso, Giovanni"]
[Result "1-0"]
[WhiteElo "1507"]
[BlackElo "1452"]
[PlyCount "51"]
[EventDate "2000.12.02"]
[EventType "swiss"]
[EventRounds "6"]
[EventCountry "ITA"]
[SourceTitle "EXT 2024"]
[Source "ChessBase"]
[SourceDate "2023.10.10"]
[SourceVersion "1"]
[SourceVersionDate "2023.10.10"]
[SourceQuality "1"]

1. d4 Nf6 2. Nc3 g6 3. e4 d6 4. Bg5 Bg7 5. Bc4 Nbd7 6. Nge2 0-0 7. Qd2 c6 8. Bh6 Nxe4 9. Nxe4 d5 10. Bxg7 Kxg7 11. Bd3 dxe4 12. Bxe4 f5 13. Bd3 e5 14. 0-0-0 exd4 15. Nxd4 Ne5 16. Qc3 Nxd3+ 17. Rxd3 Qf6 18. Re1 Kg8 19. Rde3 Bd7 20. Re7 Qg5+ 21. Kb1 Rad8 22. Nxc6 Qh6 23. Nxd8 Rxd8 24. Qd4 Qf8 25. Rxd7 Rxd7 26. Qxd7 1-0

[Event "Padova op-A 1st"]
[Site "Padova"]
[Date "1998.12.19"]
[Round "4.13"]
[White "Ceccherini, Paolo"]
[Black "Navarro, Stefano"]
[Result "0-1"]
[WhiteElo "1606"]
[BlackElo "1567"]
[PlyCount "77"]
[EventDate "1998.12.12"]
[EventType "swiss"]
[EventRounds "6"]
[EventCountry "ITA"]
[SourceTitle "EXT 2023"]
[Source "ChessBase"]
[SourceDate "2022.10.05"]
[SourceVersion "1"]
[SourceVersionDate "2022.10.05"]
[SourceQuality "1"]

1. e4 e5 2. f4 Nc6 3. Nf3 d6 4. Bb5 Bd7 5. d3 Nge7 6. f5 a6 7. Bxc6 Nxc6 8. Nc3 Be7 9. Be3 h6 10. Qd2 Bf6 11. Nd5 Na7 12. g4 Bc6 13. Nc3 Nb5 14. 0-0-0 d5 15. Bf2 Nd4 16. Nxd4 exd4 17. Nxd5 Bxd5 18. h4 Bc6 19. g5 Be5 20. Kb1 Qd6 21. Rdg1 0-0-0 22. Rh3 Bf4 23. Qe2 hxg5 24. Bg3 Bxg3 25. Rhxg3 gxh4 26. Rxg7 Qf8 27. f6 h3 28. Qh2 Rd6 29. e5 Re6 30. R1g3 Bg2 31. R3g4 Qb4 32. a3 Qe1+ 33. Ka2 Ree8 34. Rxf7 Qxe5 35. Qxe5 Rxe5 36. Re7 Rxe7 37. fxe7 Bc6 38. Rf4 Re8 39. Rf8 0-1

[Event "Padova op-A 1st"]
[Site "Padova"]
[Date "1998.12.13"]
[Round "2.17"]
[White "Ceccherini, Paolo"]
[Black "Verdi, Ruben"]
[Result "1-0"]
[WhiteElo "1606"]
[BlackElo "1500"]
[PlyCount "60"]
[EventDate "1998.12.12"]
[EventType "swiss"]
[EventRounds "6"]
[EventCountry "ITA"]
[SourceTitle "EXT 2023"]
[Source "ChessBase"]
[SourceDate "2022.10.05"]
[SourceVersion "1"]
[SourceVersionDate "2022.10.05"]
[SourceQuality "1"]

1. e4 c5 2. Nc3 Nc6 3. f4 d6 4. Nf3 Bg4 5. g3 g6 6. Bg2 Bg7 7. d3 e6 8. 0-0 Nge7 9. Qe1 Bxf3 10. Bxf3 Nd4 11. Rf2 0-0 12. Be3 Nec6 13. a3 a5 14. Qd2 Rb8 15. Raf1 b5 16. Nd1 Qc7 17. h4 a4 18. Rh2 b4 19. g4 bxa3 20. bxa3 Rb1 21. h5 Ra1 22. f5 Ne5 23. Bxd4 Nxf3+ 24. Rxf3 Bxd4+ 25. Kf1 exf5 26. gxf5 Qe7 27. Ke2 Qe5 28. Rg2 Qg7 29. fxg6 Kh8 30. h6 Rxd1 1-0